[Event "Women's Speed Chess Q2"]
[Site "chess.com INT"]
[Date "2021.05.29"]
[Round "5"]
[White "Assaubayeva, Bibisara"]
[Black "Tokhirjonova, Gulrukhbegim"]
[Result "0-1"]
[WhiteTitle "IM"]
[BlackTitle "WGM"]
[WhiteElo "2381"]
[BlackElo "2350"]
[WhiteFideId "13708694"]
[BlackFideId "14203626"]
[EventDate "2021.05.29"]

1. d4 Nf6 2. c4 e6 3. Nf3 b6 4. a3 Bb7 5. Bf4 d5 6. cxd5 Nxd5 7. Bg3 Bd6 8. e4
Bxg3 9. hxg3 Nf6 10. e5 Nd5 11. Bd3 h6 12. Nbd2 Nd7 13. Ne4 Qe7 14. Qd2 O-O-O
15. Qe2 Kb8 16. O-O-O Rc8 17. Kb1 Rhd8 18. Ba6 f5 19. exf6 N7xf6 20. Bxb7 Kxb7
21. Ne5 Nxe4 22. Qxe4 Qf6 23. f4 Qf5 24. Qxf5 exf5 25. Rh5 Rd6 26. Re1 Rf8 27.
Nc4 Rg6 28. Re5 Nf6 29. Rhxf5 Rxg3 30. Re7 Rd8 31. Ne3 Rxd4 32. Rfe5 Rxf4 33.
Nf5 Rg5 34. Nxg7 Rxe5 35. Rxe5 Rg4 36. Re7 Rxg2 37. Ne6 Nd5 38. Rh7 Rh2 39. Nd8+
Kc8 40. Nc6 a5 41. Ne5 h5 42. Rd7 Ne3 43. Rd3 Nf5 44. b4 axb4 45. axb4 Rh4 46.
Nc6 Rc4 47. b5 Nd6 48. Rh3 h4 49. Ne5 Rb4+ 50. Kc2 Rxb5 51. Nd3 Rh5 52. Nf4 Rh8
53. Rh1 Kd7 54. Kc3 Rh7 55. Nd5 Kc6 56. Kd4 Rh5 57. Rc1+ Kd7 58. Rxc7+ Kd8 59.
Rc1 Nb5+ 60. Ke4 Nd6+ 61. Kd4 Nf5+ 62. Ke4 Ng3+ 63. Kf3 Rxd5 64. Rc4 Rh5 65.
Rd4+ Ke7 66. Rb4 Rh6 67. Kg4 Kf7 68. Kh3 Kg7 69. Rg4+ Kh7 70. Rb4 Nf5 71. Rb5
Rf6 72. Kg4 Kg6 73. Rb4 Re6 74. Rb5 Rd6 75. Rb4 Rd4+ 0-1

[Event "Women's Speed Chess Q2"]
[Site "chess.com INT"]
[Date "2021.05.29"]
[Round "5"]
[White "Nandhidhaa, P V"]
[Black "Antolak, Julia"]
[Result "0-1"]
[WhiteTitle "WGM"]
[BlackTitle "WIM"]
[WhiteElo "2365"]
[BlackElo "2306"]
[WhiteFideId "5050847"]
[BlackFideId "1159569"]
[EventDate "2021.05.29"]

1. e4 c5 2. Nf3 e6 3. d4 cxd4 4. Nxd4 Nf6 5. Bd3 Nc6 6. Nb3 d5 7. exd5 Nxd5 8.
O-O Bd6 9. N1d2 O-O 10. Ne4 Bc7 11. Ng5 f5 12. c4 Ndb4 13. Be2 Qf6 14. a3 Rd8
15. Bd2 Nd3 16. Bxd3 Rxd3 17. Qc2 Rd8 18. Nf3 Bd7 19. Rfe1 e5 20. Bg5 Qg6 21.
Bxd8 Rxd8 22. Rad1 e4 23. Nfd4 Ne5 24. Nc5 Bc8 25. h3 Rxd4 26. Rxd4 Nf3+ 27. Kf1
Nxd4 28. Qd2 Qd6 29. b4 b6 30. Rd1 bxc5 31. bxc5 Qxc5 32. Qxd4 Qxd4 33. Rxd4 Bb6
34. c5 Ba6+ 35. Ke1 Bxc5 36. Rd7 Kf8 37. a4 Bb6 38. Kd1 Bc8 39. Rd5 Ke7 40. Ke1
Ke6 41. Rb5 Bd7 42. Rb3 Bxa4 43. Rg3 g6 44. Ra3 Bc6 45. Ra6 Kd5 46. Ra2 Bb5 47.
Rb2 Kc6 48. Rd2 Bc5 49. Rc2 a5 50. Ra2 a4 51. f3 Bb4+ 52. Kf2 exf3 53. gxf3 Kc5
54. Kg3 Bc3 55. Kf4 Kb4 56. Kg5 Bg7 57. f4 Kb3 58. Re2 a3 59. Re3+ Kb2 0-1

[Event "Women's Speed Chess Q2"]
[Site "chess.com INT"]
[Date "2021.05.29"]
[Round "5"]
[White "Komiagina, Maria"]
[Black "Nguyen, Thi Mai Hung"]
[Result "1-0"]
[WhiteTitle "WIM"]
[BlackTitle "WGM"]
[WhiteElo "2241"]
[BlackElo "2254"]
[WhiteFideId "4153987"]
[BlackFideId "12401676"]
[EventDate "2021.05.29"]

1. e4 e6 2. d4 d5 3. exd5 exd5 4. Nf3 Bd6 5. c4 Nf6 6. Nc3 O-O 7. c5 Be7 8. Bd3
Nc6 9. h3 h6 10. O-O Re8 11. Bb5 Bd7 12. Bxc6 Bxc6 13. Ne5 Bd7 14. Qf3 c6 15.
Bf4 Be6 16. Rfe1 Qc8 17. b4 Bf5 18. b5 Bh7 19. a4 a6 20. bxc6 bxc6 21. a5 Rb8
22. Na4 Rb5 23. Nb6 Qb7 24. Ng4 Be4 25. Qe3 Nxg4 26. hxg4 Kf8 27. f3 Bg6 28. Bd6
f6 29. Qf4 Bxd6 30. Qxd6+ Kg8 31. Rxe8+ Bxe8 32. Re1 Bg6 33. Nd7 Rb1 34. Qe6+
Kh8 35. Nb6 Rxe1+ 36. Qxe1 Bf7 37. Qe3 Kg8 38. Kf2 Kf8 39. g3 Bg6 40. Qe6 Bf7
41. Qd6+ Kg8 42. Qd8+ Kh7 43. Qd7 Qxd7 44. Nxd7 Kg8 45. Nb8 Be8 46. Nxa6 Kf7 47.
Nc7 Bd7 48. a6 Bc8 49. a7 Bb7 50. a8=Q Bxa8 51. Nxa8 Ke6 52. Nb6 f5 53. Ke3 g5
54. gxf5+ Kxf5 55. Nc8 Ke6 56. Na7 Kd7 57. f4 gxf4+ 58. Kxf4 Kc7 59. Kf5 Kb7 60.
Nxc6 Kxc6 61. Ke6 h5 62. Ke5 h4 63. gxh4 Kd7 64. Kxd5 Ke7 65. c6 Kf7 66. c7 Kg6
67. c8=Q Kh5 68. Qg8 Kxh4 69. Ke5 Kh3 70. Kf4 Kh2 71. Kf3 Kh3 72. Qg3# 1-0

[Event "Women's Speed Chess Q2"]
[Site "chess.com INT"]
[Date "2021.05.29"]
[Round "5"]
[White "Frayna, Janelle Mae"]
[Black "Khalafova, Narmin"]
[Result "0-1"]
[WhiteTitle "WGM"]
[BlackTitle "WGM"]
[WhiteElo "2179"]
[BlackElo "2279"]
[WhiteFideId "5212499"]
[BlackFideId "13402625"]
[EventDate "2021.05.29"]

1. d4 d6 2. e4 g6 3. Nc3 Nf6 4. Be3 c6 5. Qd2 b5 6. f3 Nbd7 7. O-O-O e5 8. Kb1
a6 9. h4 Bb7 10. h5 Nxh5 11. Nge2 Be7 12. g4 Nhf6 13. Ng3 b4 14. Nce2 c5 15.
dxc5 Nxc5 16. Qxb4 Qc7 17. Nc1 Rb8 18. Qd2 d5 19. exd5 Nxd5 20. Nb3 Ne6 21. Ne4
Rd8 22. Bd3 Nb4 23. Nf6+ Bxf6 24. Qxb4 Bxf3 25. Rdf1 Be7 26. Qa4+ Bc6 27. Qxa6
Bxh1 28. Rxh1 Nf4 29. Bb5+ Kf8 30. Rf1 Kg7 31. Bb6 Qd6 32. Bxd8 Rxd8 33. Qxd6
Rxd6 34. a4 h5 35. gxh5 gxh5 36. a5 Bd8 37. a6 Bb6 38. Na5 h4 39. Nc6 h3 40. Rh1
e4 41. a7 Bxa7 42. Nxa7 e3 43. Nc6 Rg6 44. Ne5 Rg3 45. c4 e2 46. c5 h2 47. Nf3
Rxf3 48. Bxe2 Nxe2 49. Rxh2 Nd4 50. Rd2 Ne6 51. c6 Rf1+ 52. Ka2 Rc1 53. Rd6 Kf6
54. b4 Ke5 55. Rd7 f5 56. b5 Rc5 57. c7 Nxc7 58. b6 Na6 59. b7 Nb8 60. Rd8 Na6
61. b8=N Nxb8 62. Rxb8 f4 63. Rf8 Ke4 64. Kb3 f3 65. Kb4 Re5 66. Kc3 Ke3 67. Rg8
f2 68. Rf8 Ke2 0-1

[Event "Women's Speed Chess Q2"]
[Site "chess.com INT"]
[Date "2021.05.29"]
[Round "5"]
[White "Vargas, Gabriela"]
[Black "Franco Valencia, Angela"]
[Result "1-0"]
[WhiteTitle "WIM"]
[BlackTitle "WIM"]
[WhiteElo "2170"]
[BlackElo "2089"]
[WhiteFideId "3700860"]
[BlackFideId "4403070"]
[EventDate "2021.05.29"]

1. d4 Nf6 2. Nf3 c5 3. d5 g6 4. Nc3 Bg7 5. e4 d6 6. Be2 O-O 7. O-O Bg4 8. Nd2
Bxe2 9. Qxe2 Nbd7 10. a4 Qc7 11. f4 a6 12. Nc4 Nb6 13. a5 Nxc4 14. Qxc4 b5 15.
axb6 Qxb6 16. Ra2 Qb4 17. Qe2 Rfb8 18. Ra4 Qb6 19. b3 Nd7 20. Rc4 Qa5 21. Na4
Nb6 22. Nxb6 Qxb6 23. e5 Qb7 24. Rd1 a5 25. e6 fxe6 26. Qxe6+ Kh8 27. f5 Qc8 28.
Qxc8+ Rxc8 29. fxg6 hxg6 30. Rg4 Bd4+ 31. Kh1 Kg7 32. Bg5 Bf6 33. Re1 Re8 34.
Re6 a4 35. Bxf6+ exf6 36. Rxa4 Rxe6 37. dxe6 Re8 38. Ra7+ Kh6 39. e7 Kg5 40. Rd7
Kf5 41. Rxd6 Rxe7 42. Kg1 c4 43. bxc4 Re2 44. c3 Rc2 45. Rd3 Ke4 46. Rf3 f5 47.
h4 Rc1+ 48. Kh2 Rc2 49. Kg3 f4+ 50. Kh3 Ra2 51. c5 Ra5 52. Kg4 Rxc5 53. Rxf4+
Ke5 54. c4 Rc8 55. g3 Ra8 56. Rf1 Ra4 57. Rc1 Kf6 58. Kf3 Ra3+ 59. Kf4 Ra4 60.
g4 Rb4 61. h5 gxh5 62. gxh5 Ra4 63. Ke4 Kg5 64. Kd5 Kxh5 65. c5 Kg6 66. Rf1 Ra2
67. Kd6 Rd2+ 68. Kc7 Rc2 69. c6 Rc5 70. Kd7 Rc2 71. c7 Rd2+ 72. Kc8 Rc2 73. Rf4
Kg5 74. Rb4 Kf6 75. Kb7 Ke7 76. c8=Q Rd2 77. Re4+ 1-0

[Event "Women's Speed Chess Q2"]
[Site "chess.com INT"]
[Date "2021.05.29"]
[Round "5"]
[White "Li, Xueyi"]
[Black "Nguyen, Hong Anh"]
[Result "0-1"]
[WhiteTitle "WGM"]
[BlackTitle "WIM"]
[WhiteElo "2328"]
[BlackElo "1993"]
[WhiteFideId "8605912"]
[BlackFideId "12406732"]
[EventDate "2021.05.29"]

1. d4 Nf6 2. c4 g6 3. g3 Bg7 4. Bg2 d5 5. cxd5 Nxd5 6. e4 Nb6 7. Ne2 O-O 8. O-O
c5 9. d5 e6 10. Nec3 exd5 11. exd5 Na6 12. Na3 Bf5 13. Be3 Rc8 14. d6 Qd7 15.
Qf3 Qxd6 16. Qxb7 Nb4 17. Nab5 Qb8 18. Bf4 Qxb7 19. Bxb7 Rcd8 20. Bd6 Rfe8 21.
Bxc5 Nd3 22. Be3 Nc4 23. Bg5 Rb8 24. Bc6 Re6 25. Bd5 Ncxb2 26. Bxe6 Bxe6 27.
Rab1 a6 28. Bf4 Rb6 29. Be3 Rb8 30. Nd4 Bc4 31. Na4 Rd8 32. Nc6 Rd6 33. Nxb2
Nxb2 34. Na5 Bxf1 35. Kxf1 Bc3 36. Nb3 Nc4 37. Rc1 Nxe3+ 38. fxe3 Bf6 39. Ke2
Kg7 40. Rc7 h5 41. Ra7 h4 42. Nc5 hxg3 43. hxg3 Rc6 44. Ne4 Be5 45. Ng5 Bc7 46.
a4 Kf6 47. Ne4+ Kf5 48. Kf3 g5 49. g4+ Kg6 50. Nf2 Rf6+ 51. Ke2 Rc6 52. Ne4 Rc4
53. Nd2 Rc2 54. Kd3 Rc6 55. Nb3 Bb8 56. Ra8 Be5 57. Nd4 Rb6 58. Ke4 Bf6 59. Rc8
Rb4 60. a5 Ra4 61. Rc5 Be7 62. Rd5 f6 63. Kd3 Bb4 64. Nc6 Be1 65. Ke2 Bg3 66.
Kf3 Be1 67. Rd6 Bxa5 68. Ne5+ Kg7 69. Rd7+ Kg8 70. Ng6 Bb6 71. Ne7+ Kf8 72. Nf5
Ke8 73. Rb7 Bc5 74. Rc7 Bb6 75. Rb7 Rb4 76. Nd6+ Kd8 77. Nf7+ Kc8 78. Re7 Rb3
79. Nd6+ Kd8 80. Rb7 Rxe3+ 81. Kg2 Rb3 82. Nf7+ Ke8 83. Nd6+ Kf8 84. Rf7+ Kg8
85. Rxf6 Rb2+ 86. Kf3 Bd4 87. Rg6+ Kh8 88. Rxg5 Kh7 89. Ke4 Rb4 90. Nf5 Bf6+ 91.
Kd5 Bxg5 0-1

[Event "Women's Speed Chess Q2"]
[Site "chess.com INT"]
[Date "2021.05.29"]
[Round "6"]
[White "Antova, Gabriela"]
[Black "Von Herman, Brigitte"]
[Result "1-0"]
[WhiteTitle "FM"]
[BlackTitle "WFM"]
[WhiteElo "2250"]
[BlackElo "1991"]
[WhiteFideId "2915235"]
[BlackFideId "4628730"]
[EventDate "2021.05.29"]

1. e4 e5 2. Nf3 Nc6 3. Bb5 a6 4. Ba4 Nf6 5. O-O Be7 6. Re1 b5 7. Bb3 d6 8. h3
O-O 9. c3 Na5 10. Bc2 c5 11. d4 Nd7 12. Nbd2 exd4 13. cxd4 Nc6 14. d5 Nce5 15.
a4 b4 16. Nh2 Nb6 17. Qe2 f5 18. f4 Ned7 19. a5 fxe4 20. axb6 Nxb6 21. Qxe4 Bf6
22. Qxh7+ 1-0

[Event "Women's Speed Chess Q2"]
[Site "chess.com INT"]
[Date "2021.05.29"]
[Round "6"]
[White "Papp, Petra"]
[Black "Gaponenko, Inna"]
[Result "0-1"]
[WhiteTitle "WGM"]
[BlackTitle "IM"]
[WhiteElo "2336"]
[BlackElo "2357"]
[WhiteFideId "739049"]
[BlackFideId "14101181"]
[EventDate "2021.05.29"]

1. e4 g6 2. d4 Bg7 3. Nc3 d6 4. Be3 a6 5. h4 Nf6 6. f3 b5 7. Qd2 h5 8. O-O-O
Nbd7 9. Kb1 Nb6 10. Bg5 c6 11. Bd3 Be6 12. Nh3 Bxh3 13. Rxh3 Qc7 14. Rhh1 b4 15.
Ne2 c5 16. e5 dxe5 17. dxe5 Qxe5 18. Bf4 Qe6 19. Bxa6 O-O 20. Bb5 Qxa2+ 0-1

[Event "Women's Speed Chess Q2"]
[Site "chess.com INT"]
[Date "2021.05.29"]
[Round "6"]
[White "Varney, Zoe"]
[Black "Ortez, Andrea"]
[Result "0-1"]
[WhiteTitle "WCM"]
[BlackTitle "WIM"]
[WhiteElo "1917"]
[BlackElo "1969"]
[WhiteFideId "436135"]
[BlackFideId "6702392"]
[EventDate "2021.05.29"]

1. e4 c5 2. Nf3 Nc6 3. d4 cxd4 4. Nxd4 g6 5. Nc3 Bg7 6. Be3 Nf6 7. f3 O-O 8. Qd2
d5 9. O-O-O e5 10. Nxc6 bxc6 11. exd5 Nxd5 12. Nxd5 cxd5 13. Qxd5 Qc7 14. Qxa8
Bf5 15. Qxf8+ Kxf8 16. Bd3 Be6 17. a3 f5 18. h4 Qb7 19. Bc5+ Kf7 20. b3 Qc7 21.
Bb4 Bxb3 22. h5 Be6 23. hxg6+ hxg6 24. Rhf1 a5 25. Bd2 Qc5 26. g4 Qxa3+ 27. Kb1
Qa2+ 28. Kc1 Qa1# 0-1

[Event "Women's Speed Chess Q2"]
[Site "chess.com INT"]
[Date "2021.05.29"]
[Round "6"]
[White "Cori T., Deysi"]
[Black "Narva, Mai"]
[Result "1-0"]
[WhiteTitle "WGM"]
[BlackTitle "WIM"]
[WhiteElo "2388"]
[BlackElo "2276"]
[WhiteFideId "3801934"]
[BlackFideId "4500512"]
[EventDate "2021.05.29"]

1. d4 Nf6 2. Nf3 e6 3. e3 c5 4. Bd3 Nc6 5. O-O d5 6. b3 Bd6 7. Bb2 O-O 8. a3 b6
9. Qe2 a6 10. Rd1 Qe7 11. dxc5 bxc5 12. c4 Rb8 13. Nbd2 a5 14. Rab1 Rd8 15. h3
h6 16. Bc3 Bc7 17. Ba1 d4 18. Ne4 e5 19. Nfd2 Nh7 20. Ng3 Ng5 21. Nde4 Bb7 22.
Nf5 Qf8 23. Qg4 Nxe4 24. Bxe4 Kh8 25. Qf3 g6 26. Bxc6 Bxc6 27. Qxc6 gxf5 28.
Qxc7 Qg7 29. Qxc5 Rbc8 30. Qxa5 Ra8 31. Qc7 1-0

[Event "Women's Speed Chess Q2"]
[Site "chess.com INT"]
[Date "2021.05.29"]
[Round "6"]
[White "Franco Valencia, Angela"]
[Black "Kanyamarala, Trisha"]
[Result "1-0"]
[WhiteTitle "WIM"]
[BlackTitle "WIM"]
[WhiteElo "2089"]
[BlackElo "2180"]
[WhiteFideId "4403070"]
[BlackFideId "45004722"]
[EventDate "2021.05.29"]

1. e4 c5 2. Nf3 d6 3. d4 cxd4 4. Nxd4 Nf6 5. Nc3 a6 6. g3 Nc6 7. Nde2 e5 8. Bg2
Be6 9. a4 Be7 10. h3 O-O 11. g4 Nd7 12. Ng3 Nc5 13. Nf5 Bxf5 14. exf5 Bh4 15.
O-O Rc8 16. Nd5 Re8 17. Be3 Ne7 18. b4 Nd7 19. Nxe7+ Qxe7 20. Bxb7 Rb8 21. Bxa6
Rxb4 22. Bb5 h5 23. c3 Re4 24. Qf3 d5 25. Rad1 hxg4 26. hxg4 Qd6 27. Qxe4 Nf6
28. Qg2 Rd8 29. a5 1-0

[Event "Women's Speed Chess Q2"]
[Site "chess.com INT"]
[Date "2021.05.29"]
[Round "6"]
[White "Gu, Xiaobing"]
[Black "Petrova, Irina"]
[Result "1-0"]
[WhiteTitle "WGM"]
[BlackTitle "WIM"]
[WhiteElo "2263"]
[BlackElo "2110"]
[WhiteFideId "8602611"]
[BlackFideId "14124122"]
[EventDate "2021.05.29"]

1. e4 d6 2. d4 Nf6 3. Nc3 e5 4. Bc4 Nbd7 5. Nf3 Be7 6. h3 O-O 7. O-O c6 8. a4 h6
9. Re1 Re8 10. Qd3 Bf8 11. Ba2 exd4 12. Nxd4 Nc5 13. Qf3 d5 14. e5 Nh7 15. Bf4
Ne6 16. Nxe6 Bxe6 17. Rad1 Qb6 18. Qg3 Kh8 19. Bc1 Rad8 20. Ne2 Qb4 21. Bb3 d4
22. Bxe6 Rxe6 23. c3 Qxa4 24. Nxd4 Rg6 25. Qf3 Kg8 26. Nf5 Rxd1 27. Rxd1 Ng5 28.
Bxg5 Rxg5 29. Rd8 Qa1+ 30. Kh2 Qa5 31. Ne7+ Kh7 32. Qe4+ g6 33. Rxf8 Kg7 34. Re8
Rxe5 35. Qd4 Qc7 36. f4 1-0

[Event "Women's Speed Chess Q2"]
[Site "chess.com INT"]
[Date "2021.05.29"]
[Round "6"]
[White "Linares Napoles, Oleiny"]
[Black "Arpita, Mukherjee"]
[Result "0-1"]
[WhiteTitle "WGM"]
[BlackTitle "WIM"]
[WhiteElo "2255"]
[BlackElo "2206"]
[WhiteFideId "3504794"]
[BlackFideId "5056403"]
[EventDate "2021.05.29"]

1. d4 Nf6 2. Bf4 d5 3. e3 c5 4. h3 Nc6 5. Nf3 Qb6 6. Na3 a6 7. Rb1 c4 8. c3 Bf5
9. Nc2 g6 10. Nh4 Bd7 11. Be2 Bg7 12. O-O O-O 13. Nf3 Bf5 14. Ne5 Nxe5 15. Bxe5
Nd7 16. Bxg7 Kxg7 17. Bf3 Nf6 18. Re1 Rac8 19. g4 Be4 20. Bg2 Bxg2 21. Kxg2 h5
22. f3 hxg4 23. hxg4 Rh8 24. Qe2 Qd6 25. Rh1 e5 26. dxe5 Qxe5 27. Nd4 Rce8 28.
Rxh8 Kxh8 29. Rh1+ Kg7 30. Kf2 Nd7 31. Rh3 Nc5 32. Nc2 Nd3+ 33. Kg2 Nf4+ 34. Kf1
Nxe2 35. Kxe2 Rh8 36. Rxh8 Kxh8 37. f4 Qe4 38. Nd4 Qg2+ 39. Ke1 Qxb2 0-1

[Event "Women's Speed Chess Q2"]
[Site "chess.com INT"]
[Date "2021.05.29"]
[Round "6"]
[White "Froewis, Annika"]
[Black "Farhat Willemstein, Stela Souza"]
[Result "1-0"]
[WhiteTitle "WFM"]
[BlackTitle "WFM"]
[WhiteElo "2143"]
[BlackElo "1758"]
[WhiteFideId "1621432"]
[BlackFideId "2109808"]
[EventDate "2021.05.29"]

1. e4 c5 2. Nf3 d6 3. d4 cxd4 4. Nxd4 Nf6 5. Nc3 g6 6. Be3 Bg7 7. f3 O-O 8. Qd2
Nc6 9. O-O-O a6 10. h4 Nxd4 11. Bxd4 Be6 12. g4 Qa5 13. Kb1 Rac8 14. Nd5 Nxd5
15. Qxa5 Nf6 16. h5 Rc6 17. hxg6 fxg6 18. g5 Nd7 19. Bxg7 Kxg7 20. Bh3 Bxh3 21.
Rxh3 Rfc8 22. Rh2 Ne5 23. f4 Ng4 24. Re2 b6 25. Qxa6 e5 26. fxe5 Nxe5 27. b3 Nf3
28. Qb7+ R8c7 29. Qa6 Nxg5 30. e5 dxe5 31. Qd3 e4 32. Qd4+ 1-0

[Event "Women's Speed Chess Q2"]
[Site "chess.com INT"]
[Date "2021.05.29"]
[Round "6"]
[White "Pourkashiyan, Atousa"]
[Black "Nandhidhaa, P V"]
[Result "1-0"]
[WhiteTitle "WGM"]
[BlackTitle "WGM"]
[WhiteElo "2322"]
[BlackElo "2365"]
[WhiteFideId "12502014"]
[BlackFideId "5050847"]
[EventDate "2021.05.29"]

1. e4 c5 2. Nf3 Nc6 3. d4 cxd4 4. Nxd4 e6 5. Nc3 Qc7 6. Be2 a6 7. Be3 Nf6 8. O-O
d6 9. f4 Be7 10. Qe1 O-O 11. Qg3 Nxd4 12. Bxd4 b5 13. a3 Bb7 14. Rae1 Rac8 15.
Kh1 Bc6 16. Bd3 Qb7 17. Qh3 g6 18. Re3 Rfe8 19. Qh6 Bf8 20. Qh4 Nh5 21. Rh3 e5
22. Be3 Be7 23. Qf2 Nxf4 24. Bxf4 exf4 25. Qxf4 Rf8 26. Qh6 1-0

[Event "Women's Speed Chess Q2"]
[Site "chess.com INT"]
[Date "2021.05.29"]
[Round "6"]
[White "Frayna, Janelle Mae"]
[Black "Purtseladze, Maka"]
[Result "1-0"]
[WhiteTitle "WGM"]
[BlackTitle "IM"]
[WhiteElo "2179"]
[BlackElo "2274"]
[WhiteFideId "5212499"]
[BlackFideId "13602659"]
[EventDate "2021.05.29"]

1. d4 Nf6 2. c4 Nc6 3. Nc3 e5 4. d5 Ne7 5. e4 Ng6 6. h4 Bb4 7. Bd3 Bxc3+ 8. bxc3
h6 9. Ne2 d6 10. Be3 O-O 11. f3 Nh5 12. Qd2 Qf6 13. O-O-O Nhf4 14. h5 Nxd3+ 15.
Qxd3 Nf4 16. Nxf4 exf4 17. Bd4 Qg5 18. Rdg1 Re8 19. Kb2 f5 20. c5 fxe4 21. fxe4
Qg3 22. Qxg3 fxg3 23. Re1 Bd7 24. cxd6 cxd6 25. Re3 b6 26. Rxg3 Re7 27. Re1 Rae8
28. Rg6 Kh7 29. Rxd6 Bg4 30. e5 Bxh5 31. e6 Bg6 32. Rd7 Bd3 33. Rxe7 Rxe7 34. d6 1-0

[Event "Women's Speed Chess Q2"]
[Site "chess.com INT"]
[Date "2021.05.29"]
[Round "6"]
[White "Girya, Olga"]
[Black "Assaubayeva, Bibisara"]
[Result "0-1"]
[WhiteTitle "WGM"]
[BlackTitle "IM"]
[WhiteElo "2451"]
[BlackElo "2381"]
[WhiteFideId "4195752"]
[BlackFideId "13708694"]
[EventDate "2021.05.29"]

1. d4 Nf6 2. Nf3 g6 3. Bg5 Bg7 4. Nbd2 d5 5. Bxf6 Bxf6 6. e4 dxe4 7. Nxe4 Bg7 8.
Bc4 O-O 9. c3 Nd7 10. O-O Nf6 11. Re1 Nxe4 12. Rxe4 Bf5 13. Re1 Qd6 14. h3 c5
15. dxc5 Qxc5 16. Qd5 Rac8 17. Bb3 Qxd5 18. Bxd5 e6 19. Be4 Bxe4 20. Rxe4 Rfd8
21. Ree1 Rd5 22. Red1 Rcd8 23. Rxd5 Rxd5 24. Re1 b5 25. a3 a5 26. Kf1 Kf8 27.
Ke2 Ke7 28. Rd1 Kd6 29. Rd3 h6 30. Nd2 f5 31. c4 Rxd3 32. Kxd3 a4 33. cxb5 Kc5
34. Nc4 Kxb5 35. g4 Kc5 36. f3 g5 37. gxf5 exf5 38. Ne3 Bxb2 39. Nxf5 h5 40. Ng3
h4 41. Ne4+ Kd5 42. Nxg5 Bxa3 43. Ne4 Bb2 44. Kc2 Bd4 0-1

[Event "Women's Speed Chess Q2"]
[Site "chess.com INT"]
[Date "2021.05.29"]
[Round "6"]
[White "Nguyen, Thi Thanh An"]
[Black "Borisova, Ekaterina"]
[Result "0-1"]
[WhiteTitle "WGM"]
[BlackTitle "FM"]
[WhiteElo "2259"]
[BlackElo "2268"]
[WhiteFideId "12400300"]
[BlackFideId "34124184"]
[EventDate "2021.05.29"]

1. d4 Nf6 2. Bf4 g6 3. e3 Bg7 4. Nf3 O-O 5. Be2 d6 6. h3 Nc6 7. O-O e5 8. dxe5
Ne4 9. c3 dxe5 10. Bh2 Qe7 11. Qb3 Nd6 12. Nbd2 Be6 13. Qc2 f5 14. Rfd1 g5 15.
Nb3 g4 16. hxg4 fxg4 17. Ne1 Qf6 18. Bg3 Nf5 19. Bd3 Nxg3 20. Bxh7+ Kh8 21. fxg3
Qf1+ 22. Kh2 Rf6 23. Nf3 Rh6+ 24. Nh4 Qf7 25. Bg6 Qe7 26. Kg1 Rxh4 27. gxh4 Qxh4
28. Qe4 Qh6 29. g3 Qh3 30. Qg2 Qh6 31. Qh2 Kg8 32. Qxh6 Bxh6 33. e4 Be3+ 34. Kg2
Bc4 35. Bf5 Be2 36. Re1 Bf3+ 0-1

[Event "Women's Speed Chess Q2"]
[Site "chess.com INT"]
[Date "2021.05.29"]
[Round "6"]
[White "Eswaran, Ashritha"]
[Black "Socko, Monika"]
[Result "1/2-1/2"]
[WhiteTitle "WIM"]
[BlackTitle "GM"]
[WhiteElo "2244"]
[BlackElo "2421"]
[WhiteFideId "2080788"]
[BlackFideId "1106619"]
[EventDate "2021.05.29"]

1. e4 e6 2. d4 d5 3. Nc3 Nf6 4. Bg5 Bb4 5. e5 h6 6. Bd2 Bxc3 7. bxc3 Ne4 8. Qg4
g6 9. h4 c5 10. Ne2 Nc6 11. h5 g5 12. f4 f5 13. Qf3 g4 14. Qe3 Qa5 15. a4 Bd7
16. Ng3 Nxd2 17. Qxd2 cxd4 18. cxd4 Qxd2+ 19. Kxd2 Nxd4 20. Rb1 O-O-O 21. Bb5 a6
22. Bd3 Nc6 23. Rb6 Kc7 24. Rhb1 Na5 25. Ne2 Rhe8 26. Nd4 Bc8 27. g3 Nc4+ 28.
Bxc4 dxc4 29. Ke3 Rd5 30. c3 Ra5 31. R6b4 Rc5 32. Rb6 Re7 33. R1b4 Re8 34. Rd6
Re7 35. Rdb6 Re8 36. Rd6 Re7 37. Rdb6 1/2-1/2

[Event "Women's Speed Chess Q2"]
[Site "chess.com INT"]
[Date "2021.05.29"]
[Round "6"]
[White "Mkrtchian, Lilit"]
[Black "Komiagina, Maria"]
[Result "1-0"]
[WhiteTitle "IM"]
[BlackTitle "WIM"]
[WhiteElo "2388"]
[BlackElo "2241"]
[WhiteFideId "13300601"]
[BlackFideId "4153987"]
[EventDate "2021.05.29"]

1. e4 c5 2. Nc3 Nc6 3. Nge2 d6 4. d4 cxd4 5. Nxd4 Nf6 6. Bg5 e6 7. Qd3 a6 8.
O-O-O Bd7 9. Kb1 Qc7 10. Bxf6 gxf6 11. Nxc6 Bxc6 12. Be2 h5 13. f4 Be7 14. f5
O-O-O 15. Qh3 Bd7 16. Bxh5 Qc5 17. g4 Kb8 18. Qf3 Rhf8 19. Ne2 Rc8 20. Rd2 Bc6
21. Nd4 Qe5 22. Re1 d5 23. Nxc6+ Rxc6 24. Qg3 dxe4 25. Rxe4 Qxg3 26. hxg3 Kc7
27. Rde2 e5 28. c3 Bd6 29. Kc2 Kd7 30. Rd2 Ke7 31. Re1 Rfc8 32. Red1 R8c7 33. g5
fxg5 34. f6+ 1-0

[Event "Women's Speed Chess Q2"]
[Site "chess.com INT"]
[Date "2021.05.29"]
[Round "6"]
[White "Sviridova, Vlada"]
[Black "Vargas, Gabriela"]
[Result "0-1"]
[WhiteTitle "WFM"]
[BlackTitle "WIM"]
[WhiteElo "2144"]
[BlackElo "2170"]
[WhiteFideId "24109606"]
[BlackFideId "3700860"]
[EventDate "2021.05.29"]

1. d4 d5 2. c4 e6 3. Nf3 c6 4. e3 Bd6 5. Nc3 f5 6. Qc2 Nf6 7. Bd3 Ne4 8. a3 O-O
9. Ne5 Nd7 10. Nxd7 Bxd7 11. c5 Bc7 12. Bd2 e5 13. g3 exd4 14. exd4 Qf6 15. Be3
f4 16. gxf4 Bxf4 17. O-O-O Bxe3+ 18. fxe3 Qg5 19. Nxe4 dxe4 20. Bxe4 Qxe3+ 21.
Kb1 h6 22. Rhe1 Qf4 23. Bh7+ Kh8 24. Re7 Bg4 25. Rg1 Rae8 26. Rxe8 Rxe8 27. Qg6
Rf8 28. Rxg4 Qf1+ 29. Kc2 Qe2+ 30. Kb3 Qb5+ 0-1

[Event "Women's Speed Chess Q2"]
[Site "chess.com INT"]
[Date "2021.05.29"]
[Round "6"]
[White "Mordido, Kylen Joy"]
[Black "Berend, Elvira"]
[Result "0-1"]
[WhiteTitle "WIM"]
[BlackTitle "WGM"]
[WhiteElo "2014"]
[BlackElo "2326"]
[WhiteFideId "5219086"]
[BlackFideId "4000510"]
[EventDate "2021.05.29"]

1. c4 Nf6 2. d4 g6 3. Nc3 Bg7 4. e4 d6 5. f3 O-O 6. Bg5 c5 7. d5 a6 8. Qd2 b5 9.
cxb5 axb5 10. Bxb5 Ba6 11. a4 Bxb5 12. Nxb5 Na6 13. Ne2 Nb4 14. O-O Qb6 15. Be3
Nd7 16. Nec3 Qb7 17. b3 Ne5 18. Rab1 Rad8 19. Bh6 Qb6 20. Bxg7 Kxg7 21. Kh1 f5
22. exf5 Rxf5 23. Rbe1 Rf7 24. f4 Ned3 25. Re4 Rdf8 26. g3 g5 27. Rf3 c4 28.
bxc4 Nc5 29. Re1 gxf4 30. Ref1 Ncd3 31. Rxd3 Nxd3 32. Qxd3 fxg3 33. Qxg3+ Kh8
34. Rxf7 Rxf7 35. Qg1 Qa5 36. Qd4+ Kg8 37. Qa7 Qb4 38. Qb8+ Rf8 39. Qc7 Qb2 40.
Nd1 Rf1# 0-1